000 00466nam a2200193Ia 4500
003 OSt
005 20221005132045.0
006 a|||||r|||| 00| 0
007 ta
008 221004b |||||||| |||| 00| 0 eng d
024 _a112417
037 _cTextual
040 _aCRL
_cCRL
_beng
041 _2eng
_aeng
100 _aMahmood Ahamad Abbasi
_9640551
245 0 _aTenki ke Insaan
942 _cTEXL
_2cc
999 _c1062326
_d1062326